| 000 | 00927nam a22002297a 4500 | ||
|---|---|---|---|
| 005 | 20110711140235.0 | ||
| 008 | 110711t xxu||||| |||| 00| 0 mar d | ||
| 010 | _aMAR-21474 | ||
| 020 | _c190.00 | ||
| 035 | _aMR-14132 | ||
| 037 | _bDBAD/PUB | ||
| 040 |
_aDPL _bMR |
||
| 082 | _a153.69 | ||
| 100 |
_929424 _aपेंडसे,अंजली |
||
| 245 |
_aदेहवाणी / _cअंजली पेंडसे |
||
| 246 |
_aDehavani _bby Anjali Pendse |
||
| 260 |
_aपुणे _bनीलकंठ प्रकाशन _c2011 |
||
| 270 |
_a1643,सदाशिव पेठ _bपुणे _e411030 |
||
| 300 |
_a139पृ. _c22सेमी(अजिल्द) |
||
| 942 |
_2ddc _cMR _mपेंडसे _h153.69 |
||
| 999 |
_c57835 _d57835 |
||